The story of the Incredible Hulk / (Record no. 3819)

MARC details
000 -LEADER
fixed length control field 00890cam a2200277 a 4500
005 - DATE AND TIME OF LATEST TRANSACTION
control field 20251212135512.0
020 ## - INTERNATIONAL STANDARD BOOK NUMBER
International Standard Book Number 0789492628
020 ## - INTERNATIONAL STANDARD BOOK NUMBER
International Standard Book Number 9780789492623
040 ## - CATALOGING SOURCE
Original cataloging agency DLC
Transcribing agency DLC
Modifying agency DLC
Language of cataloging eng
050 00 - LIBRARY OF CONGRESS CALL NUMBER
Classification number PN6728.H8
Item number 2003
082 00 - DEWEY DECIMAL CLASSIFICATION NUMBER
Classification number 741.5
100 1# - MAIN ENTRY--PERSONAL NAME
Personal name Teitelbaum, Michael
245 14 - TITLE STATEMENT
Title The story of the Incredible Hulk /
Statement of responsibility, etc. written by Michael Teitelbaum
250 ## - EDITION STATEMENT
Edition statement First American Edtion , 2003
260 ## - PUBLICATION, DISTRIBUTION, ETC.
Place of publication, distribution, etc. New York :
Name of publisher, distributor, etc. DK Publishing ;
Date of publication, distribution, etc. 2003
300 ## - PHYSICAL DESCRIPTION
Extent 48 pages :
Other physical details color illustrations ;
Dimensions 23 cm.
490 ## - SERIES STATEMENT
Series statement DK Readers
505 0# - FORMATTED CONTENTS NOTE
Formatted contents note G <br/>
520 ## - SUMMARY, ETC.
Summary, etc. Describes the comic book character called the Incredible Hulk, created by writer Stan Lee and artist Jack Kirby.
521 ## - TARGET AUDIENCE NOTE
Target audience note 340 <br/>
Source Lexile <br/>
521 ## - TARGET AUDIENCE NOTE
Target audience note G <br/>
Source Raz-Plus <br/>
650 ## - SUBJECT ADDED ENTRY--TOPICAL TERM
Topical term or geographic name entry element Hulk
Form subdivision Juvenile Fiction
906 ## - LOCAL DATA ELEMENT F, LDF (RLIN)
a 7
b cbc
c orignew
d 1
e ecip
f 20
g y-gencatlg
942 ## - ADDED ENTRY ELEMENTS (KOHA)
Source of classification or shelving scheme Dewey Decimal Classification
Koha item type Books
Suppress in OPAC No
999 ## -
-- 3819
-- 3819
Holdings
Withdrawn status Lost status Source of classification or shelving scheme Damaged status Not for loan Collection Home library Current library Shelving location Date acquired Total Checkouts Full call number Barcode Date last seen Date last checked out Copy number Price effective from Koha item type Date due
    Dewey Decimal Classification     Juvenile Fiction Footprints International School Library Network Toul Tom Poung Campus Footprints International School Library Network Toul Tom Poung Campus TTP Primary Green Bookshelves 05/15/2024 1 TEI 741.5 PN6728.H8 FISTK01422 12/04/2025 11/21/2025 1 05/15/2024 Books  
    Dewey Decimal Classification     Juvenile Fiction Footprints International School Library Network Toul Tom Poung Campus Footprints International School Library Network Toul Tom Poung Campus TTP Primary Green Bookshelves 12/12/2025 1 TEI 741.5 PN6728.H8 2025-5124 03/11/2026 03/11/2026 2 12/12/2025 Books 03/25/2026